| 000 | 01008cam a2200253 4500 | ||
|---|---|---|---|
| 001 | WB3720-20 | ||
| 008 | 000000n2001 000 0 eng u | ||
| 035 | _a(Sirsi) u112708 | ||
| 245 | _aDevised to deprive | ||
| 260 | _c2001 | ||
| 490 |
_aEstates Gazette _v(0120) 19 May 2001, 226(1) |
||
| 520 | _aConsiders the ruling by CA in "Bankway Properties Ltd v Dunsford" that a clause in an assured tenancy agreement that seeks to increase the rent to an unattainable sum is ineffective on the grounds that it is intended to evade the operation of a statute which it is not permissible to contract out of. | ||
| 590 | _aWB | ||
| 650 | _aASSURED TENANCIES | ||
| 650 | _aBUSINESS EXPANSION SCHEMES | ||
| 650 | _aCONTRACTING OUT | ||
| 650 | _aHOUSING ACT 1988 | ||
| 650 | _aINEFFECTIVE CLAUSES | ||
| 650 | _aRENT REVIEW CLAUSES | ||
| 650 | _aTAX RELIEF | ||
| 650 | _aTENANCY AGREEMENTS | ||
| 690 | _aPROPERTY-RESIDENTIAL PROPERTY-RESIDENTIAL LANDLORD AND TENANT-RESIDENTIAL TENANCIES | ||
| 942 | _n0 | ||
| 999 |
_c67099 _d67099 |
||